000 00473nam a2200193Ia 4500
005 20240823045249.0
008 240823s9999||||xx |||||||||||||| ||und||
020 _a81-8316-057-3
041 _aENGLISH
082 _A372.35044 P6
100 _aKrishnamacharyulu V
245 0 _aElementary Education Volume II
250 _a1st
260 _bNeelakamal Publica
500 _aYES
650 _aElementary Structural Design
_bGeneral
942 _cBK
999 _c214557
_d214557